=LDR 00000nam 2200000 4500 =001 INLIS00000000000114 =005 20260702043538 =020 ##$$a 978-623-7458-52-4 =082 ##$$a 006.584 =100 1#$$a Alamsyah, Isa =245 1 $$a Tuhan, Kenapa Kau Memberi Wajah Ini? /$c Isa Alamsyah =300 ##$$a 278 ; 13,5 x 20,5 cm